Household Budget Survey 2000/01: (Record no. 6705)

000 -LEADER
fixed length control field 00383nam a22001097a 4500
008 - FIXED-LENGTH DATA ELEMENTS--GENERAL INFORMATION
fixed length control field 200324b ||||| |||| 00| 0 eng d
245 ## - TITLE STATEMENT
Title Household Budget Survey 2000/01:
Remainder of title Final Report/
Statement of responsibility, etc. National Bureau of Statistics.-
Medium English.
260 ## - PUBLICATION, DISTRIBUTION, ETC. (IMPRINT)
Place of publication, distribution, etc. Dar Es Salaam:
Name of publisher, distributor, etc. National Bureau of Statistics,
Date of publication, distribution, etc. 2002.
300 ## - PHYSICAL DESCRIPTION
Extent xxvii, 188p;
Other physical details ill;
Dimensions 30cm.-
650 ## - SUBJECT ADDED ENTRY--TOPICAL TERM
Source of heading or term BUDGET SURVEY
942 ## - ADDED ENTRY ELEMENTS (KOHA)
Source of classification or shelving scheme
Koha item type BOOKS
Holdings
Withdrawn status Lost status Source of classification or shelving scheme Damaged status Not for loan Home library Current library Date acquired Total Checkouts Barcode Date last seen Price effective from Koha item type
          Mwanza Mwanza 24/03/2020   10000002052 24/03/2020 24/03/2020 BOOKS
          Mwanza Mwanza 24/03/2020   10000002053 24/03/2020 24/03/2020 BOOKS

IRDP © 2019 :: Managed by IRDP ICT Unit